| 000 | 00589nam a2200205Ia 4500 | ||
|---|---|---|---|
| 003 | GCL | ||
| 005 | 20240530103949.0 | ||
| 008 | 140319s9999 xx 000 0 ara d | ||
| 040 |
_aGCL / _cGCL |
||
| 082 | 0 | 4 |
_a415.5 _bع ك |
| 100 | 1 | _aعبدالقاهر الجرجانى | |
| 245 | 1 | 0 |
_aكتاب المقتصد فى شرح الايضاح / _cعبدالقاهر الجرجانى |
| 300 | _a682 ص | ||
| 490 |
_a100 قصة _v0 |
||
| 650 | 0 | 4 | _aالنحو |
| 650 | 0 | 4 | _aاللغة العربية |
| 650 | 0 | 4 | _aالصرف |
| 700 | 1 | _aكاظم بحر المرجان | |
| 942 |
_2ddc _cBK |
||
| 999 |
_c43772 _d43772 |
||